1790 1795 1811 1050 1746 1125 1473 1331 1264 1007 1124 1798 1449 1963 1155 1129 1498 1270 1951 1154 1037 1444 1747 1611 1048 1616 1054 1396 1848 1359 1752 1949 1411 1559 1540 1057 1994 1088 1278 1752 1317 1499 1780 1875 1253 1630 1722 1255 1797 1495 1528 1916 1054 1261 1703 1659 1379 1392 1052 1786 1500 1311 1994 1356 1380 1127 1403 1429 1046 1791 1702 1770 1606 1239 1428 1964 1440 1151 1842 1224 1358 1130 1394 1219 1248 1190 1459 1030 1122 1723 1294 1479 1962 1168 1136 1024 1743 1256 1714 BCNSPRNW ULIB Ver.6.0+V

เปลี่ยนเป็นภาษาไทย

Change to English
 แสดงรายละเอียดบรรณานุกรม
  กลับหน้าหลัก

Brief Record : Get Marc (ISO 2709) : E-mail record : QR code < ปิดหน้าต่าง
LEADER : 00000nam 2200000uu 4500
001    13399123675
003     ULIB
008    141105s2555||||th 000 0 tha d
020    ^a9786167070919
060    ^aWQ200^bน418ค
100 0  ^aนันทนา ธนาโนวรรณ
245 10 ^aความรุนแรงต่อสตรีตั้งครรภ์ /^cนันทนา ธนาโนวรรณ
246 30 ^aViolence against pregnant women
260    ^aกรุงเทพฯ :^bวี.พริ้นท์,^c2555.
300    ^a104 หน้า :^bภาพประกอบ
536    ^aสนับสนุนโดยสำนักงานคณะกรรมการการอุดมศึกษา
536    ^aสนับสนุนโดยสำนักงานกองทุนสนับสนุนการวิจัย
650  7 ^aความรุนแรงในคู่สมรส
650  7 ^aความรุนแรงในครอบครัว
650  7 ^aการทำร้ายร่างกายผู้อื่น
650  7 ^aสตรีตั้งครรภ์
710 2  ^aสำนักงานคณะกรรมการการอุดมศึกษา
710 2  ^aสำนักงานกองทุนสนับสนุนการวิจัย
945    ^p120^l0^i036697
945    ^p120^l0^i036698
945    ^p120^l0^i036699
945    ^p120^l0^i037355
999    ^aเกษร โพธิ์สุวรรณ
รายการนี้ยังไม่มีแท็ก
คุณยังไม่ได้ล็อกอิน คุณสามารถมีกิจกรรมร่วมกับเว็บไซต์ได้ แต่ต้องล็อกอินก่อน ::
  ล็อกอิน

รายการสื่อสารสนเทศ

ลำดับที่ ประเภท เลขเรียก/บาร์โค้ด สถานที่ สถานะ
1. วิทยาศาสตร์การแพทย์ และสุขภาพ
หนังสือสำรอง
สถานะ=หนังสือสำรอง
WQ200 น418ค ฉ.1 
  Barcode: 036697
ห้องสมุดวิทยาเขตสวรรค์ประชารักษ์
►ส่วนจัดเก็บหนังสือเก่า สปร
บนชั้น
  ขอยืม
2. วิทยาศาสตร์การแพทย์ และสุขภาพ
วิทยาศาสตร์การแพทย์ และสุขภาพ
WQ200 น418ค ฉ.2 
  Barcode: 036698
ห้องสมุดวิทยาเขตสวรรค์ประชารักษ์
►ส่วนจัดเก็บหนังสือเก่า สปร
บนชั้น
  ขอยืม
3. วิทยาศาสตร์การแพทย์ และสุขภาพ
วิทยาศาสตร์การแพทย์ และสุขภาพ
WQ200 น418ค ฉ.3 
  Barcode: 036699
ห้องสมุดวิทยาเขตสวรรค์ประชารักษ์
►ส่วนจัดเก็บหนังสือเก่า สปร
บนชั้น
  ขอยืม
4. วิทยาศาสตร์การแพทย์ และสุขภาพ
วิทยาศาสตร์การแพทย์ และสุขภาพ
WQ200 น418ค ฉ.4 
  Barcode: 037355
ห้องสมุดวิทยาเขตสวรรค์ประชารักษ์
►ส่วนจัดเก็บหนังสือเก่า สปร
บนชั้น
  ขอยืม

รายการใกล้เคียง
    ผู้แต่ง [นันทนา ธนาโนวรรณ]

    หัวเรื่อง [สตรีตั้งครรภ์]

BibComment


ยังไม่เคยถูกคอมเมนท์

คอมเมนท์ทรัพยากรรายการนี้
  คอมเมนท์: ความรุนแรงต่อสตร..


 Copyright 2026. Bcnsprnw @Library